Fluid mechanics, second edition : (Record no. 532413)

000 -LEADER
fixed length control field 00681 a2200229 4500
003 - CONTROL NUMBER IDENTIFIER
control field NUST
005 - DATE AND TIME OF LATEST TRANSACTION
control field 20191120112213.0
008 - FIXED-LENGTH DATA ELEMENTS--GENERAL INFORMATION
fixed length control field 191120b ||||| |||| 00| 0 eng d
020 ## - INTERNATIONAL STANDARD BOOK NUMBER
International Standard Book Number 0750627670
020 ## - INTERNATIONAL STANDARD BOOK NUMBER
International Standard Book Number 9780750627672
038 ## - RECORD CONTENT LICENSOR
Staff Name MSOHAIL
082 04 - DEWEY DECIMAL CLASSIFICATION NUMBER
Classification number 532
100 1# - MAIN ENTRY--PERSONAL NAME
Personal name Landau, L D.
9 (RLIN) 25900
245 10 - TITLE STATEMENT
Title Fluid mechanics, second edition :
Remainder of title .
Number of part/section of a work Volume 6 /
Statement of responsibility, etc. L D Landau, E.M. Lifshitz.
250 ## - EDITION STATEMENT
Edition statement 2nd ed.
260 ## - PUBLICATION, DISTRIBUTION, ETC.
Place of publication, distribution, etc. [S.l.] :
Name of publisher, distributor, etc. Butterworth-Heinemann,
Date of publication, distribution, etc. 1959.
300 ## - PHYSICAL DESCRIPTION
Extent 552 p. ;
Dimensions 25 cm.
490 1# - SERIES STATEMENT
Series statement Course of theoretical physics.
700 1# - ADDED ENTRY--PERSONAL NAME
Personal name Lifshitz, E.M.
9 (RLIN) 25901
830 #0 - SERIES ADDED ENTRY--UNIFORM TITLE
Uniform title Course of theoretical physics.
9 (RLIN) 25902
942 ## - ADDED ENTRY ELEMENTS (KOHA)
Institution code [OBSOLETE] SNS
Koha item type Book
Call number prefix 620.106 LAN
Source of classification or shelving scheme
Holdings
Withdrawn status Lost status Source of classification or shelving scheme Damaged status Not for loan Permanent Location Current Location Date acquired Total Checkouts Full call number Barcode Date last seen Price effective from Koha item type
          School of Civil and Environmental Engineering (SCEE) School of Civil and Environmental Engineering (SCEE) 11/20/2019   532 NIT-12338 11/20/2019 11/20/2019 Book
© 2023 Central Library, National University of Sciences and Technology. All Rights Reserved.